| 000 | 00500nam a2200193 a 4500 | ||
|---|---|---|---|
| 005 | 20140310183531.0 | ||
| 008 | 111109s19uu xx 00 eng d | ||
| 020 | _a9789712722677 | ||
| 050 |
_aG 155.A1 _b.V659 2010 |
||
| 100 | _aVibal, Victor R. | ||
| 245 |
_aPrinciples of tourism / _cVictor R. Vibal. |
||
| 260 |
_aPasig City : _bAnvil, _c2010. |
||
| 300 |
_a118 p. : _bill. ; _c25 cm. |
||
| 521 | _aTOU | ||
| 650 | _aTourism | ||
| 942 |
_cBK _2lcc _kFOR |
||
| 999 |
_c24614 _d24614 |
||